A Premier Guide to Data Analysis (Record no. 13941)

MARC details
000 -LEADER
fixed length control field 00432nam a22001817a 4500
003 - CONTROL NUMBER IDENTIFIER
control field OSt
008 - FIXED-LENGTH DATA ELEMENTS--GENERAL INFORMATION
fixed length control field 260501b |||||||| |||| 00| 0 eng d
020 ## - INTERNATIONAL STANDARD BOOK NUMBER
International Standard Book Number 9789391820893
082 ## - DEWEY DECIMAL CLASSIFICATION NUMBER
Classification number 519.5 JHH
100 ## - MAIN ENTRY--PERSONAL NAME
Personal name JANA,Sajal
245 ## - TITLE STATEMENT
Title A Premier Guide to Data Analysis
250 ## - EDITION STATEMENT
Edition statement 1st Ed
260 ## - PUBLICATION, DISTRIBUTION, ETC. (IMPRINT)
Place of publication, distribution, etc New Delhi
Name of publisher, distributor, etc Sultan Chand
Date of publication, distribution, etc 2024
300 ## - PHYSICAL DESCRIPTION
Extent 372p.
700 ## - ADDED ENTRY--PERSONAL NAME
Personal name SENGUPTA,Jhumur
942 ## - ADDED ENTRY ELEMENTS (KOHA)
Source of classification or shelving scheme Dewey Decimal Classification
Koha item type Text Books
Holdings
Withdrawn status Lost status Source of classification or shelving scheme Damaged status Not for loan Collection code Home library Current library Date acquired Source of acquisition Currency Cost, normal purchase price Bill Number Total Checkouts Full call number Acc. no. / Barcode Date last seen Actual Cost, discounted price Bill Date Koha item type
    Dewey Decimal Classification     B.Tech(CSE) PIET C-LIBRARY PIET C-LIBRARY 22/04/2026 Zaffa Books INR 495.00 ZBD2026-27-0024   519.5 JHH 40024 01/05/2026 396.00 22/04/2026 Reference Books

Design & Developed by: PIET Central Library
R70 Miles Stone Pattikalyana Samalkha Panipat 132102
mail ID :- [email protected], Phone No:- 0180-2569700 Ex.216